Text a textológia

Titel: Text a textológia / [Slovenská Akadémia Vied, Literárnovedný ústav]. Ivan Kusý ...
Beteiligt:
Körperschaft:
Ausgabe: 1. vyd.
Veröffentlicht: Bratislava : Veda, 1989
Umfang: 159 S
Format: Buch
Sprache: Slowakisch
Schriftenreihe/
mehrbändiges Werk:
Litteraria ; [27]
RVK-Notation:
Schlagworte:
ISBN: 8022400661
Buchumschlag
X
Lokale Klassifikation: 24 10 E
alg: 1231297
001A    $00004:10-04-90 
001B    $01999:28-04-23 $t19:12:34.000 
001D    $09999:99-99-99 
001U    $0utf8 
001X    $00 
002@    $0Aauc 
003@    $0012312975 
003O    $023082802 $aOCoLC 
004A    $080-224-0066-1 
007A    $0012312975 $aHEB 
010@    $aslo 
011@    $a1989 $n1989 
013H    $0z 
015@    $0Z 
021A    $a@Text a textológia $h[Slovenská Akadémia Vied, Literárnovedný ústav]. Ivan Kusý ... 
028C    $71037697863 $8Kusý, Ivan$Z1921-2000 [Tp1] $9326659455 
029F    $RSlovenská akadémia vied a umení $RSlovenská akadémia vied $#Slovenská akadémia vied a umení, Literárnovedný ústav $#Slovenská akadémia vied, Literárnovedný ústav $#Institute of Literary Sciences, Slovak Academy of Sciences, Bratislava $#Institute of Literary Sciences Bratislava $#Slovenská akadémia vied, Institute of Literary Sciences $#Slovenská akadémia vied, Literárnovedny ústav Bratislava $71026888-1 $8Literárnovedný ústav$gBratislava [Tb1] $9042033861 
032@    $a1. vyd. 
033A    $pBratislava $nVeda 
034D    $a159 S 
036E    $a@Litteraria $l[27] 
036F    $x227 $8Litteraria $9008253544 $l[27] 
044K    $#Criticism, Textual $#Critique textuelle $#Critica del testo $74059657-6 $8Textkritik [Ts1] $9085165956 
044K    $RWestslawische Sprachen $#Slovak language $#Slovaque (langue) $#Lingua slovacca $#Lengua eslovaca $#Slovakisch $74120335-5 $8Slowakisch [Ts1] $9085383694 
044K    $RBuch $RSchriftsteller $#Literature $#Littérature $#Letteratura $#Literatura $#literature $#Literature $#Literatur $#Literatur $#Belletristik $#Dichtung Literatur $#Schöne Literatur $#Sprachkunst $#Wortkunst $74035964-5 $8Literatur [Tsz] $9085097128 
045B    $a801.959 $ALoC $eDDC20oclc 
045F    $a809 $eDDC23BSB 
045F/01 $a809 
045F/03 $g4373 
045Z    $8KU 4820 [Tkv] $9409343323 
046M    $aLiteraturverz. 156 - [157]. Einzelne Beitr. mit dt. u. russ. Zsfassung 

lok: 1231297 3
101B    $008-06-04 $t13:42:44.000 
145S/06 $a712 
145Z/01 $alit A 0290 Texttheorie (90) Textologie 
145Z/02 $alit A 0290 Literarisches Kunstwerk 
101U    $0utf8 

exp: 1231297 3 1 #EPN
201B/01 $026-01-02 $t09:01:18.372 
203@/01 $0024322830 
208@/01 $a31-08-90 $bhAa 
209A/01 $a84.321.03 $du $f000 $h84 321 03 $x00 
209G/01 $a84321036 $x00 
247C/01 $8601000-3 <30>Frankfurt, Universitätsbibliothek J. C. Senckenberg, Zentralbibliothek (ZB) $9102598258 
201U/01 $0utf8 

lok: 1231297 24
101B    $003-12-02 $t15:29:42.296 
107F    $0086305727 
145Z/01 $a24 10 E 
101U    $0utf8 

exp: 1231297 24 1 #EPN
201B/01 $026-01-02 $t09:01:18.599 
203@/01 $0086305735 
208@/01 $a11-11-92 $bh 
209A/01 $a24 X EZ 1 : 27 $du $f050 $h24 10 EZ 1 / B 27 $x00 
209C/01 $aT 89.5172 $h89 5172 T 
247C/01 $8358050-7 Marburg, Bibliothek des Herder-Instituts Marburg $9102600961 
201U/01 $0utf8 

lok: 1231297 204

exp: 1231297 204 1 #EPN
201B/01 $028-05-19 $t15:37:03.000 
201C/01 $019-10-07 
201U/01 $0utf8 
203@/01 $0509629008 
208@/01 $a19-10-07 $bgUB 
209A/01 $aFH Slavistik Bo 4 $de $f000 $x00 
209B/01 $a00001 $x05 
245S/01 $a21000 $x01 
247C/01 $8631000-x <26>Gießen, Universität Gießen, Universitätsbibliothek Gießen $9102596697 
247E/01 $an 

exp: 1231297 204 2 #EPN
201B/02 $010-02-10 $t11:28:57.000 
201C/02 $010-02-10 
201U/02 $0utf8 
203@/02 $0588329215 
208@/02 $a10-02-10 $brMSla 
209A/02 $aMSla Bl 20 $du $f000 $x00 
220B/02 $aRetro g1504996 
245S/02 $a21000 $x01 
247C/02 $8631000-x <26>Gießen, Universität Gießen, Universitätsbibliothek Gießen $9102596697 

lok: 1231297 205
101B    $003-08-95 $t04:52:47.974 
107F    $0042628229 
101U    $0utf8 

exp: 1231297 205 1 #EPN
201B/01 $008-03-06 $t17:43:01.000 
203@/01 $0042628237 
208@/01 $a31-08-90 $bh 
209A/01 $aG 90/84 $du $f000 $x00 
209B/01 $a90 $x05 
209G/01 $a24366901 $x00 
247C/01 $8351000-1 <4>Marburg, Universität Marburg, Universitätsbibliothek $9102594767 
201U/01 $0utf8
LEADER 00000cam a2200000 c 4500
001 012312975
003 DE-603
005 20230428191234.0
007 tu
008 900410s1989 xx |||| | u00||u|slo c
020 |a 8022400661 
035 |a (DE-599)HEB012312975 
035 |a (OCoLC)23082802 
040 |a DE-603  |b ger  |c DE-603  |d DE-603 
041 |a slo 
082 0 4 |8 1\u  |a 809  |q DE-101  |2 23/BSB 
083 7 |8 2\p  |a 801.959  |2 20/oclc 
084 |a KU 4820  |0 (DE-625)85441:  |0 (DE-603)409343323  |2 rvk 
085 |8 1\u  |b 809 
085 |8 1\u  |z 2  |s 4373 
245 0 0 |a Text a textológia  |c [Slovenská Akadémia Vied, Literárnovedný ústav]. Ivan Kusý ... 
250 |a 1. vyd. 
264 1 |a Bratislava  |b Veda  |c 1989 
300 |a 159 S 
490 1 |a Litteraria  |v [27] 
504 |a Literaturverz. 156 - [157]. Einzelne Beitr. mit dt. u. russ. Zsfassung 
650 7 |a Textkritik  |0 (DE-588)4059657-6  |0 (DE-603)085165956  |2 gnd 
650 7 |a Slowakisch  |0 (DE-588)4120335-5  |0 (DE-603)085383694  |2 gnd 
650 7 |a Literatur  |0 (DE-588)4035964-5  |0 (DE-603)085097128  |2 gnd 
700 1 |a Kusý, Ivan  |d 1921-2000  |0 (DE-603)326659455  |0 (DE-588)1037697863  |2 gnd 
710 2 |a Literárnovedný ústav  |g Bratislava  |0 (DE-603)042033861  |0 (DE-588)1026888-1  |2 gnd 
830 0 |t Litteraria  |v [27]  |w (DE-603)008253544  |w (DE-600)339063-9  |9 227  |7 as 
883 0 |8 2\p  |q LoC 
924 0 |9 30  |a (DE-603)024322830  |b DE-30  |c HES  |d c  |g 84.321.03 
924 0 |9 Mb 50  |a (DE-603)086305735  |b DE-Mb50  |c HES  |d c  |g 24 X EZ 1 : 27 
924 0 |9 26  |a (DE-603)509629008  |b DE-26  |c HES  |d d  |g FH Slavistik Bo 4 
924 0 |9 26  |a (DE-603)588329215  |b DE-26  |c HES  |d c  |g MSla Bl 20 
924 0 |9 4  |a (DE-603)042628237  |b DE-4  |c HES  |d c  |g G 90/84